000 00217nam a22000857a 4500
008 161208b xxu||||| |||| 00| 0 eng d
100 _91946
_aPrakash.A.
245 _aMathematics-10-Term-II
260 _aNew Delhi
_bGeeta
_c2016
999 _c4727
_d4727